| 000 | 01129nam0a22002771 4500 | ||
|---|---|---|---|
| 001 | rc\88260 | ||
| 005 | 20260406222100.0 | ||
| 035 | _a(NLR Aleph) 008754929 | ||
| 090 |
_a7830180 _c7830180 |
||
| 100 | _a20021216d1991 |||y0rusy50 ca | ||
| 101 | 0 | _arus | |
| 102 | _aRU | ||
| 105 | _ay ||||||||| | ||
| 200 | 1 |
_aПУТИ внедрения психолого-педагогической теории в практику _eСб. науч. ст. _fПед. о-во БССР, Мин. гос. пед. ин-т им. А.М. Горького _g[Под ред. проф. Бенедиктова Б.А.] |
|
| 210 |
_aМинск _cМГПИ _d1991 |
||
| 215 |
_a262 с. _d20 |
||
| 320 | _aБиблиогр. в конце ст. | ||
| 606 | 1 |
_aПедагогика _jСборники _2nlr_sh1 |
|
| 702 | 1 |
_aБенедиктов _bБ.А. _gБорис Андреевич _4340 |
|
| 712 | 0 | 2 |
_aПедагогическое общество БССР _cМинск _3RU\NLR\AUTH\889977022 _9450794 |
| 801 | 0 |
_aRU _bNLR _gpsbo |
|
| 801 | 1 |
_aRU _bELAR _2rusmarc |
|
| 801 | 2 |
_aRU _bNLR _c20050427 _2rusmarc |
|
| 852 |
_aNLR _j91-3/2807 |
||
| 942 | _cBOOK | ||
| 980 | _aNB | ||